| Tag |
First Indicator |
Second Indicator |
Subfields |
| LEADER |
00000nam a2200000 4500 |
| 001 |
in00004341021 |
| 005 |
20200812100440.0 |
| 006 |
m g d |
| 007 |
cr bn |||a|bb| |
| 008 |
850618s1643 enk o 00| | eng d |
| 035 |
|
|
|a (UnM)99860449
|
| 037 |
|
|
|a CL0051000001
|b ProQuest Information and Learning. 300 N. Zeeb Rd., Ann Arbor, MI 48106
|
| 040 |
|
|
|a Cu-RivES
|c Cu-RivES
|d CStRLIN
|e dcrb
|d WaOLN
|
| 100 |
1 |
|
|a Wittewrong, John,
|c Sir.
|
| 245 |
1 |
4 |
|a The copy of a letter from Alisbury. :
|b Directed to Colonell Hampden, Colonell Goodwin, and read in both Houses of Parliament, May 18. 1643. Relating how his Maiesty hath sent 12 or 1400 of his forces, under the command of the Earle of Cleveland, the Lord Shandosse, the Lord Crayford, and Sir Iohn Byron, into those parts, who amongst many other cruelties fired a countrey towne called Swanborne, in seven places, murdered diverse, and amongst the rest one woman big with child was cut in pieces by them. With an ordinance concerning the Arch-bishop of Canterbury. Die Iovis, Maii 18 1643 Ordered by the Lords and Commons assembled in Parliament, that this letter be forthwith printed and published. Iohn Browne Cler. Parliamentor.
|
| 260 |
|
|
|a London :
|b May 19. Printed for Iohn Wright in the Old Bailey,
|c 1643.
|
| 300 |
|
|
|a 1 online resource ([8] pages)
|
| 336 |
|
|
|a text
|b txt
|2 rdacontent
|
| 337 |
|
|
|a computer
|b c
|2 rdamedia
|
| 338 |
|
|
|a online resource
|b cr
|2 rdacarrier
|
| 500 |
|
|
|a Letter signed: John Wittewrong. Tho. Tyrrill.
|
| 500 |
|
|
|a Reproduction of the original in the British Library.
|
| 510 |
4 |
|
|a Wing (2nd edition)
|c W3225.
|
| 510 |
4 |
|
|a Thomason
|c E.102[15].
|
| 533 |
|
|
|a Electronic reproduction.
|b Ann Arbor, Mich. :
|c UMI,
|d 1999-
|f (Early English books online)
|n Digital version of: (Thomason Tracts ; 18:E102[15])
|7 s1999 miun s
|
| 600 |
1 |
0 |
|a Goodwin, Arthur,
|d 1593 or 4-1643.
|
| 600 |
1 |
0 |
|a Hampden, John,
|d 1594-1643.
|
| 600 |
1 |
0 |
|a Laud, William,
|d 1573-1645.
|
| 651 |
|
4 |
|a Great Britain
|x History
|y Civil War, 1642-1649
|x Atrocities
|v Early works to 1800.
|
| 700 |
1 |
|
|a Tyrrill, Thomas.
|
| 710 |
1 |
|
|a England and Wales.
|b Parliament.
|
| 830 |
|
0 |
|a Early English books online.
|
| 856 |
4 |
0 |
|u http://proxy.library.tamu.edu/login?url=https://search.proquest.com/docview/2240868453
|z Connect to the full text of this electronic book
|t 0
|
| 999 |
f |
f |
|s 32d57de8-ddd4-313a-bea2-fc0ae05c66b7
|i 633225e9-3ccc-3aa9-b79b-269602f77417
|t 0
|
| 952 |
f |
f |
|a Texas A&M University
|b College Station
|c Electronic Resources
|d Available Online
|t 0
|h No information provided
|
| 998 |
f |
f |
|t 0
|l Available Online
|